[Event "Regionalliga Sued-West 1819"]
[Site "Bayern"]
[Date "2019.03.24"]
[Round "8.2"]
[White "Kornitzky, Tino"]
[Black "Hoecher, Michael"]
[Result "1-0"]
[WhiteElo "2088"]
[BlackElo "2157"]
[PlyCount "53"]
[EventDate "2018.10.21"]
[EventType "team-tourn"]
[EventRounds "9"]
[EventCountry "GER"]
[SourceTitle "EXT 2022"]
[Source "ChessBase"]
[SourceDate "2021.10.06"]
[SourceVersion "1"]
[SourceVersionDate "2021.10.06"]
[SourceQuality "1"]
[WhiteTeam "Muenchen Bayern III"]
[BlackTeam "Garching III"]
[WhiteTeamCountry "GER"]
[BlackTeamCountry "GER"]

1. d4 Nf6 2. c4 e6 3. g3 d5 4. Bg2 Bb4+ 5. Bd2 Be7 6. Nf3 0-0 7. 0-0 dxc4 8. Qa4 a6 9. Qxc4 b5 10. Qc2 Bb7 11. Rc1 Bd6 12. Bg5 Nbd7 13. Nbd2 Rc8 14. e4 c5 15. Bxf6 gxf6 16. Qd1 Qe7 17. d5 Rfd8 18. Nf1 Ne5 19. Ne3 Rc7 20. h4 c4 21. Nxe5 Bxe5 22. Rc2 Kh8 23. Qh5 Bd4 24. Ng4 f5 25. Rd1 Bxb2 26. exf5 Bf6 27. d6 1-0

[Event "Regionalliga Sued-West 1718"]
[Site "Bayern"]
[Date "2018.01.21"]
[Round "5.2"]
[White "Hoecher, Michael"]
[Black "Leitner, Maximilian"]
[Result "1/2-1/2"]
[WhiteElo "2149"]
[BlackElo "2189"]
[PlyCount "28"]
[EventDate "2017.10.22"]
[EventType "team-tourn"]
[EventRounds "9"]
[EventCountry "GER"]
[SourceTitle "EXT 2022"]
[Source "ChessBase"]
[SourceDate "2021.10.06"]
[SourceVersion "1"]
[SourceVersionDate "2021.10.06"]
[SourceQuality "1"]
[WhiteTeam "Garching III"]
[BlackTeam "Muenchen FC Bayern"]
[WhiteTeamCountry "GER"]
[BlackTeamCountry "GER"]

1. c4 c5 2. g3 Nc6 3. Bg2 g6 4. Nc3 Bg7 5. Nf3 e6 6. 0-0 Nge7 7. e3 d5 8. cxd5 Nxd5 9. d4 cxd4 10. Nxd5 exd5 11. Nxd4 Nxd4 12. exd4 0-0 13. Be3 Be6 14. Qd2 Qd7 1/2-1/2

[Event "Regionalliga Sued-West 1718"]
[Site "Bayern"]
[Date "2017.11.26"]
[Round "3.1"]
[White "Krug, Norbert"]
[Black "Hoecher, Michael"]
[Result "1/2-1/2"]
[WhiteElo "2216"]
[BlackElo "2149"]
[PlyCount "62"]
[EventDate "2017.10.22"]
[EventType "team-tourn"]
[EventRounds "9"]
[EventCountry "GER"]
[SourceTitle "EXT 2022"]
[Source "ChessBase"]
[SourceDate "2021.10.06"]
[SourceVersion "1"]
[SourceVersionDate "2021.10.06"]
[SourceQuality "1"]
[WhiteTeam "Mering"]
[BlackTeam "Garching III"]
[WhiteTeamCountry "GER"]
[BlackTeamCountry "GER"]

1. d4 d5 2. c4 c6 3. Nc3 Nf6 4. Nf3 g6 5. cxd5 cxd5 6. Bg5 Bg7 7. Qb3 e6 8. Rc1 0-0 9. e3 Qb6 10. Qxb6 axb6 11. a3 Bd7 12. Ne5 Rc8 13. Nxd7 Nbxd7 14. Bb5 Ne4 15. Bxd7 Rc7 16. Bf4 Rxd7 17. Na4 Bxd4 18. exd4 Rxa4 19. f3 Nd6 20. Be5 Rc4 21. Ke2 Kf8 22. b3 Rxc1 23. Rxc1 Ke7 24. a4 f6 25. Bf4 Kd8 26. Kd2 g5 27. Bg3 Nf5 28. Bf2 Rc7 29. Re1 Kd7 30. g4 Ne7 31. h4 h6 1/2-1/2

[Event "Regionalliga SW 1617"]
[Site "Bayern"]
[Date "2017.02.19"]
[Round "6.2"]
[White "Fischer, Manfred"]
[Black "Hoecher, Michael"]
[Result "1/2-1/2"]
[WhiteElo "2124"]
[BlackElo "2116"]
[PlyCount "71"]
[EventDate "2016.10.16"]
[EventType "team-tourn"]
[EventRounds "9"]
[EventCountry "GER"]
[SourceTitle "EXT 2019"]
[Source "ChessBase"]
[SourceDate "2018.10.10"]
[SourceVersion "1"]
[SourceVersionDate "2018.10.10"]
[SourceQuality "1"]
[WhiteTeam "Tuerkheim/Bad Woerishofen"]
[BlackTeam "Garching III"]
[WhiteTeamCountry "GER"]
[BlackTeamCountry "GER"]

1. e4 c6 2. Nc3 d5 3. f4 dxe4 4. Nxe4 Nd7 5. Qe2 e6 6. Nf3 Ngf6 7. Nf2 Bd6 8. Nd3 0-0 9. b3 c5 10. Bb2 b6 11. g3 Bb7 12. Bg2 b5 13. Nde5 Qb6 14. c4 a6 15. 0-0 Rad8 16. Rae1 Be7 17. d3 Nxe5 18. Nxe5 Nd7 19. Qg4 Nxe5 20. Bxe5 g6 21. Re3 Bxg2 22. Kxg2 Qb7+ 23. Kg1 Qd7 24. Ba1 Rfe8 25. Qe2 Bf8 26. Ref3 Qd6 27. Be5 Qc6 28. Qb2 Rd7 29. g4 Red8 30. Qe2 Bg7 31. Bxg7 Kxg7 32. f5 exf5 33. gxf5 Qd6 34. Kh1 Kg8 35. fxg6 hxg6 36. Rf6 1/2-1/2

[Event "Regionalliga SW 1617"]
[Site "Bayern"]
[Date "2017.02.05"]
[Round "5.2"]
[White "Hoecher, Michael"]
[Black "Fauth, Dietmar"]
[Result "1/2-1/2"]
[WhiteElo "2116"]
[BlackElo "2080"]
[PlyCount "93"]
[EventDate "2016.10.16"]
[EventType "team-tourn"]
[EventRounds "9"]
[EventCountry "GER"]
[SourceTitle "EXT 2019"]
[Source "ChessBase"]
[SourceDate "2018.10.10"]
[SourceVersion "1"]
[SourceVersionDate "2018.10.10"]
[SourceQuality "1"]
[WhiteTeam "Garching III"]
[BlackTeam "Muenchen 36 II"]
[WhiteTeamCountry "GER"]
[BlackTeamCountry "GER"]

1. c4 e5 2. Nc3 Nf6 3. g3 c6 4. d4 e4 5. Bg5 Bb4 6. Qb3 Bxc3+ 7. bxc3 0-0 8. e3 d6 9. a4 Nbd7 10. a5 h6 11. Bf4 Qe7 12. Qa3 c5 13. h4 Nh5 14. Nh3 Ndf6 15. Be2 Bxh3 16. Rxh3 Qe6 17. Rh1 Nxf4 18. gxf4 d5 19. Qxc5 Rfc8 20. Qb5 dxc4 21. Rb1 Rc7 22. Qe5 Qc6 23. Rg1 Rd8 24. Qb5 Rd5 25. Qxc6 Rxc6 26. Rxb7 Rxa5 27. Kf1 Nd5 28. Bh5 Nxe3+ 29. fxe3 Rxh5 30. Rb8+ Kh7 31. Rb7 Rg6 32. Rxa7 Rxh4 33. Rxf7 Rh3 34. Rxg6 Kxg6 35. Rc7 Rxe3 36. Rxc4 Kf5 37. d5 Rd3 38. Rc5 Kxf4 39. Ke2 g5 40. c4 g4 41. Rc8 h5 42. Rf8+ Ke5 43. Re8+ Kd4 44. d6 Kc5 45. Rxe4 Rxd6 46. Re5+ Kxc4 47. Rxh5 1/2-1/2

[Event "Hofheim Spring op-A 4th"]
[Site "Hofheim"]
[Date "2016.04.01"]
[Round "7"]
[White "Hoecher, Michael"]
[Black "Phunhon Lopez, Daniel Alejandro"]
[Result "0-1"]
[WhiteElo "2096"]
[BlackElo "1918"]
[PlyCount "144"]
[EventDate "2016.03.29"]
[EventType "swiss"]
[EventRounds "9"]
[EventCountry "GER"]
[SourceTitle "CBM 171 Extra"]
[Source "ChessBase"]
[SourceDate "2016.04.26"]
[SourceVersion "1"]
[SourceVersionDate "2016.04.26"]
[SourceQuality "1"]

1. c4 e6 2. g3 Nf6 3. Bg2 d5 4. Nf3 Be7 5. 0-0 0-0 6. b3 c6 7. Bb2 Nbd7 8. d3 Qc7 9. Qc2 Bd6 10. cxd5 exd5 11. Nc3 Ne5 12. Nd4 Bd7 13. Rac1 Rac8 14. e3 Ng6 15. Qd2 Qd8 16. e4 dxe4 17. dxe4 Be5 18. Na4 b6 19. f4 Bxd4+ 20. Bxd4 c5 21. Bxf6 gxf6 22. Nc3 Bc6 23. Nd5 Bxd5 24. exd5 Qd6 25. Qd3 Rfe8 26. Bf3 Re7 27. Kg2 Rce8 28. Qf5 Rd7 29. Rfd1 Ne7 30. Qc2 Ng6 31. Re1 Rde7 32. Qd2 Rxe1 33. Rxe1 Rxe1 34. Qxe1 Ne7 35. Qe4 Qd7 36. b4 cxb4 37. Qxb4 Nf5 38. Qc3 Kg7 39. Be4 Nd6 40. Bd3 Qa4 41. a3 Qd1 42. Qc2 Qa1 43. Qb3 Qd4 44. Be2 Qc5 45. Qd3 b5 46. Kh3 a5 47. Bd1 Qc8+ 48. Kg2 Qc5 49. Bc2 f5 50. g4 Nc4 51. Bb3 Ne3+ 52. Kg3 fxg4 53. d6 Nf5+ 54. Kxg4 Nxd6 55. Bc2 f5+ 56. Kf3 Qc6+ 57. Ke3 Nc4+ 58. Kf2 Qc5+ 59. Ke2 Qe7+ 60. Kd1 Qh4 61. Qg3+ Qxg3 62. hxg3 Nxa3 63. Bxf5 b4 64. Ke2 b3 65. Kd2 b2 66. Kc3 b1Q 67. Bxb1 Nxb1+ 68. Kb3 Nd2+ 69. Ka4 Ne4 70. Kxa5 Nxg3 71. Kb4 h5 72. Kc4 h4 0-1

[Event "Hofheim Spring op-A 4th"]
[Site "Hofheim"]
[Date "2016.03.31"]
[Round "5"]
[White "Weishaeutel, Moritz"]
[Black "Hoecher, Michael"]
[Result "0-1"]
[WhiteElo "1987"]
[BlackElo "2096"]
[PlyCount "208"]
[EventDate "2016.03.29"]
[EventType "swiss"]
[EventRounds "9"]
[EventCountry "GER"]
[SourceTitle "CBM 171 Extra"]
[Source "ChessBase"]
[SourceDate "2016.04.26"]
[SourceVersion "1"]
[SourceVersionDate "2016.04.26"]
[SourceQuality "1"]

1. e4 c6 2. Nf3 d5 3. Nc3 Bg4 4. h3 Bxf3 5. Qxf3 e6 6. d4 dxe4 7. Qxe4 Nf6 8. Qh4 Nbd7 9. Bd3 Be7 10. 0-0 0-0 11. Re1 g6 12. Bh6 Re8 13. Qg3 Bf8 14. Bxf8 Kxf8 15. Ne4 Nxe4 16. Rxe4 Nf6 17. Rh4 Kg7 18. c3 Qa5 19. a3 h6 20. Re1 Qg5 21. Qf4 Red8 22. Re5 Qxf4 23. Rxf4 Rd5 24. Rxd5 cxd5 25. Rf3 Rb8 26. Re3 b5 27. b4 Ne8 28. Re2 Nd6 29. a4 Rc8 30. Rc2 bxa4 31. Kf1 a3 32. Ke2 a2 33. Rxa2 Rxc3 34. Rxa7 Rb3 35. Ra6 Nc4 36. Bxc4 dxc4 37. Rb6 Rd3 38. Rd6 Rb3 39. Rb6 Rd3 40. Rd6 Kf8 41. b5 Ke7 42. Rc6 Rxd4 43. b6 Rd7 44. Ke3 c3 45. Rxc3 Rb7 46. Rb3 Kd6 47. h4 f6 48. g3 Kc5 49. Kf3 Rxb6 50. Rc3+ Kd5 51. Rd3+ Ke5 52. Re3+ Kd4 53. Re4+ Kd5 54. Ra4 Rb3+ 55. Kg2 Rb6 56. Ra8 Ke4 57. Ra4+ Kf5 58. Rf4+ Ke5 59. Ra4 h5 60. Ra5+ Ke4 61. Ra8 Kf5 62. Ra5+ e5 63. Ra8 Rb2 64. Ra6 Rc2 65. Ra8 Rc4 66. Ra5 Rb4 67. Rc5 Rd4 68. Ra5 g5 69. hxg5 Kxg5 70. Ra8 h4 71. gxh4+ Rxh4 72. f3 Rb4 73. Rg8+ Kf5 74. Rh8 Rb7 75. Rf8 Rb2+ 76. Kg3 Rb3 77. Kg2 Kg5 78. Rg8+ Kf4 79. Rg4+ Kf5 80. Rg8 Ke6 81. Kf2 Kf7 82. Ra8 Kg7 83. Ra7+ Kg6 84. Ra8 Rb6 85. Ke3 f5 86. Re8 Rb3+ 87. Kf2 Kf6 88. Rf8+ Kg5 89. Rg8+ Kf4 90. Rf8 Rxf3+ 91. Ke2 Ra3 92. Rh8 Ra2+ 93. Kf1 Ke3 94. Rh3+ Ke4 95. Rb3 f4 96. Rb4+ Kf5 97. Rb8 f3 98. Rf8+ Ke4 99. Re8 Kf4 100. Rb8 e4 101. Rb1 Kg3 102. Kg1 Rg2+ 103. Kh1 Rh2+ 104. Kg1 f2+ 0-1

[Event "Hofheim Spring op-A 4th"]
[Site "Hofheim"]
[Date "2016.03.29"]
[Round "1"]
[White "Hoecher, Michael"]
[Black "Lehnert, Michael"]
[Result "0-1"]
[WhiteElo "2096"]
[BlackElo "1974"]
[PlyCount "88"]
[EventDate "2016.03.29"]
[EventType "swiss"]
[EventRounds "9"]
[EventCountry "GER"]
[SourceTitle "CBM 171 Extra"]
[Source "ChessBase"]
[SourceDate "2016.04.26"]
[SourceVersion "1"]
[SourceVersionDate "2016.04.26"]
[SourceQuality "1"]

1. c4 c5 2. g3 e6 3. Bg2 f5 4. Nf3 Nc6 5. 0-0 Nf6 6. d4 d5 7. cxd5 Nxd5 8. Nc3 cxd4 9. Nxd4 Nxc3 10. bxc3 Nxd4 11. cxd4 Bd6 12. Bf4 0-0 13. e3 Rb8 14. Qb3 b5 15. Rfc1 Rb6 16. Bxd6 Qxd6 17. Rc5 Bd7 18. Rac1 a5 19. f4 Rfb8 20. Qb2 Ra6 21. Bf1 a4 22. a3 Rc6 23. Qb4 Rcb6 24. Bg2 Kf7 25. Kf2 Ra6 26. e4 fxe4 27. Bxe4 g6 28. Ke3 Qb6 29. Rc7 Ra7 30. R1c6 Qxc7 31. Rxc7 Rxc7 32. Qd6 Rbc8 33. d5 exd5 34. Bxd5+ Kg7 35. Kd4 Bf5 36. Qe5+ Kh6 37. g4 Rc1 38. Qf6 Rd1+ 39. Ke5 Re8+ 40. Kd6 Re6+ 41. Qxe6 Bxe6 42. Kxe6 Kg7 43. Bc6 b4 44. Bxa4 bxa3 0-1

[Event "Regionalliga SW 1516"]
[Site "Bayern"]
[Date "2016.01.31"]
[Round "6.1"]
[White "Hoecher, Michael"]
[Black "Haizmann, Thomas"]
[Result "1/2-1/2"]
[WhiteElo "2116"]
[BlackElo "2122"]
[PlyCount "101"]
[EventDate "2015.10.11"]
[EventType "team-tourn"]
[EventRounds "9"]
[EventCountry "GER"]
[SourceTitle "EXT 2018"]
[Source "ChessBase"]
[SourceDate "2017.10.13"]
[SourceVersion "1"]
[SourceVersionDate "2017.10.13"]
[SourceQuality "1"]
[WhiteTeam "Garching III"]
[BlackTeam "Muenchen Siemens"]
[WhiteTeamCountry "GER"]
[BlackTeamCountry "GER"]

1. c4 Nf6 2. g3 e6 3. Bg2 d5 4. Nf3 Be7 5. 0-0 0-0 6. d4 dxc4 7. Qc2 a6 8. Qxc4 b5 9. Qc2 Bb7 10. Bf4 Nc6 11. Nc3 Nb4 12. Qd2 c5 13. Rac1 Qb6 14. a3 Nc6 15. dxc5 Bxc5 16. b4 Be7 17. e4 Rfd8 18. Qb2 a5 19. Be3 Qa6 20. Ra1 Ng4 21. Bc5 Bf6 22. Rfd1 Rxd1+ 23. Rxd1 axb4 24. axb4 Nce5 25. Ne1 Nc4 26. Qc2 Bc6 27. h3 Nge5 28. Bf1 Qb7 29. Be2 Ra3 30. Qc1 h6 31. Bd4 Ra8 32. Qb1 Nd7 33. Nf3 e5 34. Bc5 Nxc5 35. bxc5 Na3 36. Qb4 Nc2 37. Qb3 Nd4 38. Nxd4 exd4 39. Nd5 Be7 40. Rc1 Bf8 41. Qb2 Bxd5 42. exd5 Qxd5 43. Qxb5 Qg5 44. Rc2 Ra1+ 45. Kg2 Qd5+ 46. Bf3 Qf5 47. Qc4 d3 48. Rc3 d2 49. Rd3 Qxc5 50. Qxc5 Bxc5 51. Rxd2 1/2-1/2

[Event "Pyramiden Franken Cup"]
[Site "Fuerth"]
[Date "2015.09.04"]
[Round "3"]
[White "Guggenberger, Guido"]
[Black "Hoecher, Michael"]
[Result "0-1"]
[WhiteElo "2019"]
[BlackElo "2091"]
[PlyCount "62"]
[EventDate "2015.09.03"]
[EventType "swiss"]
[EventRounds "7"]
[EventCountry "GER"]
[SourceTitle "EXT 2016"]
[Source "ChessBase"]
[SourceDate "2015.10.08"]
[SourceVersion "1"]
[SourceVersionDate "2015.10.08"]
[SourceQuality "1"]

1. d4 d5 2. c4 c6 3. cxd5 cxd5 4. Bf4 Nc6 5. Nc3 Nf6 6. e3 a6 7. Bd3 b5 8. a4 b4 9. Nb1 g6 10. Nd2 Bg7 11. Rc1 Bb7 12. Nb3 Nd7 13. Nf3 e5 14. Nxe5 Ncxe5 15. dxe5 Nxe5 16. Nc5 Qe7 17. Nxb7 Qxb7 18. b3 0-0 19. 0-0 Nxd3 20. Qxd3 Bc3 21. Bd6 Rfc8 22. Rfd1 d4 23. exd4 Qd5 24. Bc5 Qxb3 25. Qc2 Qd5 26. Rb1 a5 27. Rd3 Bxd4 28. Qd1 Rxc5 29. Rxd4 Qe5 30. Qd2 Re8 31. Rd1 Rc2 0-1

[Event "Pyramiden Franken Cup"]
[Site "Fuerth"]
[Date "2015.09.04"]
[Round "2"]
[White "Hoecher, Michael"]
[Black "Berger, Stefan"]
[Result "1/2-1/2"]
[WhiteElo "2091"]
[BlackElo "1996"]
[PlyCount "68"]
[EventDate "2015.09.03"]
[EventType "swiss"]
[EventRounds "7"]
[EventCountry "GER"]
[SourceTitle "EXT 2016"]
[Source "ChessBase"]
[SourceDate "2015.10.08"]
[SourceVersion "1"]
[SourceVersionDate "2015.10.08"]
[SourceQuality "1"]

1. c4 e5 2. Nc3 Bb4 3. Qc2 Nc6 4. Nd5 Nf6 5. Nxb4 Nxb4 6. Qc3 Qe7 7. a3 Nc6 8. d3 d5 9. Bg5 dxc4 10. Qxc4 Be6 11. Qc3 h6 12. Bxf6 Qxf6 13. Nf3 Bd5 14. e4 Be6 15. Be2 0-0 16. 0-0 Bg4 17. Rae1 Rac8 18. Nd2 Be6 19. f4 Nd4 20. fxe5 Qxe5 21. Nf3 Nxe2+ 22. Rxe2 Qxc3 23. bxc3 Bg4 24. Kf2 Rcd8 25. Rd1 Rd6 26. h3 Bxf3 27. gxf3 Rb6 28. Ra2 Rb3 29. Rc1 Rd8 30. Ke3 Rd6 31. Kd2 Rg6 32. Ke3 Rg3 33. Kf4 Rg6 34. Ke3 Rg3 1/2-1/2

[Event "Pyramiden Franken Cup"]
[Site "Fuerth"]
[Date "2014.09.06"]
[Round "5"]
[White "Hoecher, Michael"]
[Black "Gutman, Lev"]
[Result "0-1"]
[WhiteElo "2021"]
[BlackElo "2415"]
[PlyCount "62"]
[EventDate "2014.09.04"]
[EventType "swiss"]
[EventRounds "7"]
[EventCountry "GER"]
[SourceTitle "CBM 162 Extra"]
[Source "ChessBase"]
[SourceDate "2014.10.17"]
[SourceVersion "1"]
[SourceVersionDate "2014.10.17"]
[SourceQuality "1"]

1. c4 Nf6 2. g3 g6 3. Bg2 Bg7 4. e4 0-0 5. Nc3 Nc6 6. Nge2 a6 7. Rb1 b5 8. d3 Rb8 9. 0-0 d6 10. h3 Nd7 11. Be3 e5 12. Qd2 Nd4 13. f4 b4 14. Nd1 Nc5 15. g4 Nxe2+ 16. Qxe2 exf4 17. Bxf4 Ne6 18. Be3 c5 19. Qd2 Bb7 20. g5 f6 21. gxf6 Bxf6 22. Bf2 Be5 23. Ne3 Qg5 24. Qe2 h5 25. Kh1 Rf7 26. Bg1 Rbf8 27. b3 Nf4 28. Qc2 Bc8 29. Rf3 h4 30. Rbf1 Nh5 31. Bh2 Bxh2 0-1

[Event "Pyramiden Franken Cup"]
[Site "Fuerth"]
[Date "2014.09.05"]
[Round "3"]
[White "Hoecher, Michael"]
[Black "Willim, Michael"]
[Result "1/2-1/2"]
[WhiteElo "2021"]
[BlackElo "2137"]
[PlyCount "124"]
[EventDate "2014.09.04"]
[EventType "swiss"]
[EventRounds "7"]
[EventCountry "GER"]
[SourceTitle "CBM 162 Extra"]
[Source "ChessBase"]
[SourceDate "2014.10.17"]
[SourceVersion "1"]
[SourceVersionDate "2014.10.17"]
[SourceQuality "1"]

1. c4 g6 2. g3 Bg7 3. Bg2 c5 4. Nc3 Nc6 5. a3 d6 6. d3 Qd7 7. Nf3 b6 8. 0-0 Bb7 9. Bd2 e6 10. Rb1 Nge7 11. b4 0-0 12. e4 Rfd8 13. Qb3 Nd4 14. Nxd4 cxd4 15. Ne2 Rab8 16. Rfc1 h6 17. a4 Rdc8 18. Qa3 a6 19. Bh3 f5 20. f3 e5 21. Rc2 Rc7 22. b5 a5 23. Rf1 Rf8 24. Nc1 Qe6 25. Nb3 Qf6 26. Nxa5 bxa5 27. Bxa5 Rd7 28. Bb4 Nc8 29. a5 Qd8 30. a6 Ba8 31. Ba5 Qg5 32. Qb3 Kh7 33. Rb2 Rdf7 34. Bd2 Qh5 35. Bg2 g5 36. exf5 Rf6 37. g4 Qf7 38. b6 Nxb6 39. Qxb6 d5 40. Qb5 dxc4 41. dxc4 Qa7 42. Ra1 Rc8 43. Ra5 Rfc6 44. Ra4 d3+ 45. Kf1 e4 46. fxe4 Bxb2 47. Qxb2 Rxc4 48. Rxc4 Rxc4 49. Qf6 Rc6 50. Qe5 Qg7 51. Qxg7+ Kxg7 52. a7 Rc2 53. Ke1 Ra2 54. Bf3 Rxa7 55. Bc3+ Kf7 56. Kd2 Ra2+ 57. Kxd3 Rxh2 58. Ke3 Bc6 59. Be5 Ra2 60. Bd6 Rb2 61. Be5 Rb3+ 62. Kf2 Ra3 1/2-1/2

[Event "Neckar op-A 17th"]
[Site "Deizisau"]
[Date "2013.03.28"]
[Round "1"]
[White "Rapport, Richard"]
[Black "Hoecher, Michael"]
[Result "1-0"]
[WhiteElo "2646"]
[BlackElo "1986"]
[PlyCount "69"]
[EventDate "2013.03.28"]
[EventType "swiss"]
[EventRounds "9"]
[EventCountry "GER"]
[SourceTitle "CBM 153 Extra"]
[Source "ChessBase"]
[SourceDate "2013.04.22"]
[SourceVersion "1"]
[SourceVersionDate "2013.04.22"]
[SourceQuality "1"]

1. Nf3 d5 2. d4 Nf6 3. c4 c6 4. Nc3 g6 5. cxd5 cxd5 6. Bf4 Nc6 7. e3 Bg7 8. h3 0-0 9. Bd3 Qa5 10. 0-0 Bf5 11. Bxf5 gxf5 12. Qb3 b6 13. Rfc1 Rac8 14. a3 Rfd8 15. Qc2 Qa6 16. b4 Qb7 17. Qxf5 a6 18. Rc2 e6 19. Qd3 b5 20. Nd2 Nd7 21. Nb3 Nb6 22. Nc5 Qa7 23. Qd1 e5 24. dxe5 d4 25. Qg4 Kh8 26. exd4 Rxd4 27. N3e4 Nxe5 28. Qxg7+ Kxg7 29. Bxe5+ Kg6 30. Bxd4 Rd8 31. Bf6 Rd5 32. Rc3 h5 33. Rg3+ Kh6 34. Bg7+ Kh7 35. Nf6# 1-0

[Event "GER-ch Net qual2 U18"]
[Site "Playchess.com INT"]
[Date "2011.05.04"]
[Round "2"]
[White "Hoecher, Michael"]
[Black "Cofman, Veaceslav"]
[Result "1/2-1/2"]
[WhiteElo "1908"]
[BlackElo "2066"]
[PlyCount "182"]
[EventDate "2011.05.04"]
[EventType "swiss (blitz)"]
[EventRounds "7"]
[EventCountry "GER"]
[SourceTitle "CBM 142 Extra"]
[Source "ChessBase"]
[SourceDate "2011.06.27"]
[SourceVersion "1"]
[SourceVersionDate "2011.06.27"]
[SourceQuality "1"]

1. d4 d5 2. c4 e6 3. Nf3 Nf6 4. g3 b6 5. Bg2 Bb7 6. Ne5 Nbd7 7. 0-0 Bd6 8. Qa4 0-0 9. Nc6 Bxc6 10. Qxc6 Rc8 11. Nc3 dxc4 12. Nb5 Nb8 13. Qxc4 c6 14. Nxd6 Qxd6 15. Bf4 Qe7 16. Rac1 c5 17. Bxb8 Rxb8 18. dxc5 bxc5 19. Rc2 Nd7 20. b3 Rb4 21. Qc3 h6 22. Rfc1 Rbb8 23. Bc6 Rbc8 24. Bxd7 Qxd7 25. Qa5 Rfd8 26. Rxc5 Rxc5 27. Qxc5 Qd2 28. Qc2 Qd5 29. Qc7 Qd2 30. Kg2 Qd5+ 31. f3 Rd7 32. Qc8+ Kh7 33. Qc2+ Kg8 34. Kf2 Qd4+ 35. Kg2 Qd5 36. Qb1 Rd8 37. Rc4 Qd2 38. Qc2 Qe3 39. Rc3 Qb6 40. Qe4 a5 41. a4 g6 42. Qc4 Kg7 43. Qc7 Qxc7 44. Rxc7 Rd2 45. Kf2 Rb2 46. Rb7 Kf6 47. Rb5 e5 48. Rb6+ Ke7 49. Ke3 f6 50. Rb7+ Ke6 51. Rb5 f5 52. Kd3 e4+ 53. Ke3 g5 54. fxe4 fxe4 55. Rb6+ Ke5 56. Rb5+ Ke6 57. Rxa5 Rxb3+ 58. Kxe4 Rb2 59. Kf3 Rb3+ 60. Kf2 h5 61. Ra6+ Ke5 62. Ra5+ Kf6 63. Rc5 Ra3 64. a5 h4 65. gxh4 gxh4 66. Rh5 h3 67. Rh6+ Ke5 68. e3 Ke4 69. Rh4+ Ke5 70. Kf3 Ra2 71. Rh5+ Ke6 72. Rxh3 Rxa5 73. Rh6+ Ke7 74. h4 Kf7 75. Kf4 Kg7 76. Rc6 Ra4+ 77. e4 Ra1 78. h5 Rf1+ 79. Ke5 Re1 80. h6+ Kh7 81. Rd6 Rf1 82. Ke6 Re1 83. e5 Kxh6 84. Ke7+ Kg7 85. e6 Re2 86. Rd7 Kg8 87. Kd6 Kf8 88. e7+ Kf7 89. Rc7 Re6+ 90. Kd5 Rxe7 91. Rxe7+ Kxe7 1/2-1/2

[Event "GER-ch Net qual2 U18"]
[Site "Playchess.com INT"]
[Date "2011.05.04"]
[Round "5"]
[White "Pfleger, Juergen"]
[Black "Hoecher, Michael"]
[Result "0-1"]
[WhiteElo "1830"]
[BlackElo "1908"]
[PlyCount "162"]
[EventDate "2011.05.04"]
[EventType "swiss (blitz)"]
[EventRounds "7"]
[EventCountry "GER"]
[SourceTitle "CBM 142 Extra"]
[Source "ChessBase"]
[SourceDate "2011.06.27"]
[SourceVersion "1"]
[SourceVersionDate "2011.06.27"]
[SourceQuality "1"]

1. c4 e6 2. Nf3 d5 3. d4 Nf6 4. g3 dxc4 5. Bg2 c5 6. Qa4+ Bd7 7. Qxc4 Nc6 8. dxc5 Qa5+ 9. Nc3 Qxc5 10. Qxc5 Bxc5 11. Bf4 0-0 12. 0-0 Rac8 13. Rfd1 Rfd8 14. Rd2 Ng4 15. Ne4 Bb4 16. Rd3 e5 17. Bd2 Bf5 18. Rxd8+ Rxd8 19. Bxb4 Bxe4 20. Bc3 f6 21. Nxe5 Bxg2 22. Nxg4 Bh3 23. Ne3 Kf7 24. Rd1 Rxd1+ 25. Nxd1 Ne7 26. f3 Be6 27. a3 Nd5 28. Kf2 Ke7 29. Bd4 b6 30. Ne3 Nc7 31. b4 Nb5 32. Bb2 Kd6 33. f4 g6 34. Kf3 f5 35. Be5+ Kc6 36. Nc2 Bd5+ 37. Ke3 Kd7 38. a4 Be4 39. Nd4 Nc3 40. a5 Nd5+ 41. Kd2 Nxb4 42. axb6 axb6 43. Kc3 Nd5+ 44. Kc4 Ne3+ 45. Kb5 Nf1 46. Kxb6 Nxh2 47. Nb3 Nf1 48. Nc5+ Ke7 49. Nxe4 fxe4 50. Kc5 Nxg3 51. e3 Nf5 52. Kd5 Nxe3+ 53. Kxe4 Nf5 54. Kf3 Ke6 55. Kg4 Kf7 56. Kg5 h6+ 57. Kg4 h5+ 58. Kf3 Ke6 59. Ke4 Ng3+ 60. Kf3 Nf5 61. Kg2 Ne7 62. Kf3 Kf5 63. Bd4 Nd5 64. Be5 Nf6 65. Bxf6 Kxf6 66. Kg3 Kf5 67. Kf3 h4 68. Ke3 Kg4 69. f5 Kxf5 70. Kf2 g5 71. Kg2 g4 72. Kh2 Kf4 73. Kg2 h3+ 74. Kh2 Kf3 75. Kg1 g3 76. Kh1 g2+ 77. Kg1 Ke3 78. Kh2 Kf2 79. Kxh3 g1Q 80. Kh4 Qg6 81. Kh3 Qh5# 0-1

[Event "GER-ch Net qual1 U18"]
[Site "Playchess.com INT"]
[Date "2011.05.01"]
[Round "4"]
[White "Frischmann, Rick"]
[Black "Hoecher, Michael"]
[Result "1-0"]
[WhiteElo "1936"]
[BlackElo "1907"]
[PlyCount "21"]
[EventDate "2011.05.01"]
[EventType "swiss (blitz)"]
[EventRounds "7"]
[EventCountry "GER"]
[SourceTitle "CBM 142 Extra"]
[Source "ChessBase"]
[SourceDate "2011.06.27"]
[SourceVersion "1"]
[SourceVersionDate "2011.06.27"]
[SourceQuality "1"]

1. e4 c6 2. Nf3 d5 3. exd5 cxd5 4. Ne5 Nc6 5. d4 Nf6 6. Bb5 Qb6 7. Bxc6+ bxc6 8. 0-0 e6 9. c3 c5 10. Bg5 Ne4 11. Qa4+ 1-0

[Event "GER-ch Net qual1 U18"]
[Site "Playchess.com INT"]
[Date "2011.05.01"]
[Round "2"]
[White "Pauly, Carlo"]
[Black "Hoecher, Michael"]
[Result "1-0"]
[WhiteElo "2159"]
[BlackElo "1907"]
[PlyCount "71"]
[EventDate "2011.05.01"]
[EventType "swiss (blitz)"]
[EventRounds "7"]
[EventCountry "GER"]
[SourceTitle "CBM 142 Extra"]
[Source "ChessBase"]
[SourceDate "2011.06.27"]
[SourceVersion "1"]
[SourceVersionDate "2011.06.27"]
[SourceQuality "1"]

1. e4 c6 2. d4 d5 3. exd5 cxd5 4. c4 Nf6 5. Nf3 e6 6. Nc3 Be7 7. Be2 0-0 8. 0-0 Nc6 9. Ne5 Nxe5 10. dxe5 Nd7 11. Bf4 dxc4 12. Bxc4 a6 13. Qf3 Rb8 14. Ne4 b5 15. Bd3 Bb7 16. Qg3 Re8 17. Nf6+ Nxf6 18. exf6 Bxf6 19. Bxb8 Qxb8 20. Qxb8 Rxb8 21. Rab1 Bd5 22. b3 g6 23. Rbc1 Rd8 24. Be2 Kg7 25. h3 Bb2 26. Rc2 Ba3 27. Rd1 Rb8 28. Rc7 Kf6 29. Ra7 Rb6 30. Bf3 Bxf3 31. gxf3 Kg5 32. Rxf7 h6 33. Re1 Rc6 34. Kg2 Bb4 35. Re5+ Kh4 36. Rf4# 1-0

[Event "GER-ch Net qual3 U18"]
[Site "Playchess.com INT"]
[Date "2009.05.17"]
[Round "5"]
[White "Hoecher, Michael"]
[Black "Gropenbaum, Valeria"]
[Result "1-0"]
[WhiteElo "1713"]
[BlackElo "1417"]
[PlyCount "83"]
[EventDate "2009.05.17"]
[EventType "swiss (blitz)"]
[EventRounds "7"]
[EventCountry "GER"]
[SourceTitle "CBM 130 Extra"]
[Source "ChessBase"]
[SourceDate "2009.07.02"]
[SourceVersion "2"]
[SourceVersionDate "2009.07.15"]
[SourceQuality "1"]

1. d4 d5 2. Nf3 Nf6 3. e3 e6 4. c4 Be7 5. Nc3 b6 6. b3 Bb7 7. Bb2 0-0 8. Be2 Ne4 9. cxd5 exd5 10. 0-0 f5 11. Ne5 Bd6 12. f4 Rf6 13. Qe1 Rh6 14. Nxe4 fxe4 15. Qg3 Qf6 16. Ng4 Qh4 17. Nxh6+ Qxh6 18. Bg4 Qg6 19. Qh3 Nc6 20. Qh5 Qxh5 21. Bxh5 Bc8 22. a3 Bf5 23. Bc3 Ne7 24. h3 c5 25. dxc5 Bxc5 26. Bd2 Nc6 27. b4 Be7 28. Bc3 Rd8 29. Rac1 d4 30. Bb2 d3 31. Rxc6 d2 32. Bd1 Bd7 33. Rc7 Bh4 34. Bc3 Bb5 35. Rxg7+ Kf8 36. Rxh7 Bxf1 37. Rh8+ Ke7 38. Rxd8 Kxd8 39. Kxf1 Be1 40. Ke2 Ke7 41. Bxd2 Bxd2 42. Kxd2 1-0